000 00299nam a22001337a 4500
008 171010b xxu||||| |||| 00| 0 eng d
020 _a9780205428465
041 _aeng
080 _23 ED
_a316
100 _a50
101 _aSOC
245 _aHANDS ON SOCIOLOGY
_cFEIGELMAN.W
942 _2udc
_cBK
999 _c32929
_d32929